Organizations : (Record no. 1938)
[ view plain ]
| 000 -LEADER | |
|---|---|
| fixed length control field | 00753cam a22002412 4500 |
| 001 - CONTROL NUMBER | |
| control field | 0000001804 |
| 005 - DATE AND TIME OF LATEST TRANSACTION | |
| control field | 20151217145726.0 |
| 008 - FIXED-LENGTH DATA ELEMENTS--GENERAL INFORMATION | |
| fixed length control field | 070327s xx 000 0 eng d |
| 020 ## - INTERNATIONAL STANDARD BOOK NUMBER | |
| International Standard Book Number | 0070287309 : |
| Terms of availability | KES 941 |
| 040 ## - CATALOGING SOURCE | |
| Original cataloging agency | KABU |
| Transcribing agency | KABU |
| 050 #0 - LIBRARY OF CONGRESS CALL NUMBER | |
| Classification number | HD58.7 |
| Item number | .H53 |
| 100 1# - MAIN ENTRY--PERSONAL NAME | |
| Personal name | Hicks, Herbert G. |
| -- | 0000150827 |
| 245 10 - TITLE STATEMENT | |
| Title | Organizations : |
| Remainder of title | theory and behavior / |
| Statement of responsibility, etc. | Herbert G. Hicks, C. Ray Gullett. |
| 260 ## - PUBLICATION, DISTRIBUTION, ETC. (IMPRINT) | |
| Place of publication, distribution, etc. | Auckland : |
| Name of publisher, distributor, etc. | McGraw-Hill, |
| Date of publication, distribution, etc. | c1975. |
| 300 ## - PHYSICAL DESCRIPTION | |
| Extent | xvii, 446 p. ; |
| Dimensions | 21 cm. |
| 650 #0 - SUBJECT ADDED ENTRY--TOPICAL TERM | |
| Topical term or geographic name as entry element | Organization. |
| -- | 0000148288 |
| 650 #0 - SUBJECT ADDED ENTRY--TOPICAL TERM | |
| Topical term or geographic name as entry element | Management. |
| -- | 0000083920 |
| 650 #0 - SUBJECT ADDED ENTRY--TOPICAL TERM | |
| Topical term or geographic name as entry element | Power (Social sciences) |
| -- | 0000150828 |
| 700 1# - ADDED ENTRY--PERSONAL NAME | |
| Personal name | Gullett, C. Ray. |
| -- | 0000150829 |
| 908 ## - PUT COMMAND PARAMETER (RLIN) | |
| Put command parameter | 070327 |
| 950 ## - LOCAL HOLDINGS (RLIN) | |
| -- | 1 |
| Withdrawn status | Lost status | Source of classification or shelving scheme | Not for loan | Home library | Current library | Date acquired | Total Checkouts | Full call number | Barcode | Date last seen | Date last checked out | Price effective from | Koha item type |
|---|---|---|---|---|---|---|---|---|---|---|---|---|---|
| Library of Congress Classification | Kabarak, Main Campus | Kabarak, Main Campus | 17/12/2015 | 2 | HD58.7 .H53 | 001518 | 02/08/2024 | 30/10/2018 | 17/12/2015 | General Collection | |||
| Library of Congress Classification | Kabarak, Main Campus | Kabarak, Main Campus | 17/12/2015 | 2 | HD58.7 .H53 | 001519 | 02/08/2024 | 05/07/2019 | 17/12/2015 | General Collection |